<?xml version="1.0" encoding="UTF-8"?>
<record
    xmlns:xsi="http://www.w3.org/2001/XMLSchema-instance"
    xsi:schemaLocation="http://www.loc.gov/MARC21/slim http://www.loc.gov/standards/marcxml/schema/MARC21slim.xsd"
    xmlns="http://www.loc.gov/MARC21/slim">

  <leader>00863nas a2200253 454500</leader>
  <controlfield tag="001">15965</controlfield>
  <controlfield tag="005">20260407193505.0</controlfield>
  <controlfield tag="008">260407s1973####ag###########|||spa#d</controlfield>
  <controlfield tag="003">AR-UNSa-BCEJYS</controlfield>
  <datafield tag="040" ind1=" " ind2=" ">
    <subfield code="a">AR-UNSa-BCEJYS</subfield>
    <subfield code="b">spa</subfield>
    <subfield code="c">AR-UNSa-BCEJYS</subfield>
  </datafield>
  <datafield tag="080" ind1=" " ind2=" ">
    <subfield code="a">311.3</subfield>
    <subfield code="x">Organizaci&#xF3;n general de las estadisticas. Estad&#xED;stica oficial</subfield>
  </datafield>
  <datafield tag="245" ind1="1" ind2="0">
    <subfield code="a">Boletin estad&#xED;stico trimestral</subfield>
  </datafield>
  <datafield tag="022" ind1=" " ind2=" ">
    <subfield code="a">0325-1969</subfield>
  </datafield>
  <datafield tag="264" ind1=" " ind2="1">
    <subfield code="a">Buenos Aires :</subfield>
    <subfield code="b">INDEC</subfield>
    <subfield code="c">1973</subfield>
  </datafield>
  <datafield tag="310" ind1=" " ind2=" ">
    <subfield code="a">Frecuencia: Trimestral</subfield>
  </datafield>
  <datafield tag="942" ind1=" " ind2=" ">
    <subfield code="c">SER</subfield>
  </datafield>
  <datafield tag="590" ind1=" " ind2=" ">
    <subfield code="a">niveau_biblio:s niveau_hierar:1</subfield>
  </datafield>
  <datafield tag="100" ind1="1" ind2=" ">
    <subfield code="a">Instituto Nacional de Estad&#xED;stica y Censos (INDEC)</subfield>
  </datafield>
  <datafield tag="650" ind1=" " ind2=" ">
    <subfield code="a">Condiciones econ&#xF3;micas</subfield>
  </datafield>
  <datafield tag="650" ind1=" " ind2=" ">
    <subfield code="a">Trabajo</subfield>
  </datafield>
  <datafield tag="650" ind1=" " ind2=" ">
    <subfield code="a">Empleo</subfield>
  </datafield>
  <datafield tag="650" ind1=" " ind2=" ">
    <subfield code="a">Datos estad&#xED;sticos</subfield>
  </datafield>
  <datafield tag="856" ind1="4" ind2="1">
    <subfield code="u">https://biblioeco.unsa.edu.ar/pmb/images/revistas/Boletin estad?stico trimestral.jpg</subfield>
    <subfield code="y">Imagen de portada</subfield>
    <subfield code="q">image/jpeg</subfield>
  </datafield>
  <datafield tag="999" ind1=" " ind2=" ">
    <subfield code="c">8482</subfield>
    <subfield code="d">8482</subfield>
  </datafield>
  <datafield tag="952" ind1=" " ind2=" ">
    <subfield code="0">0</subfield>
    <subfield code="1">0</subfield>
    <subfield code="4">0</subfield>
    <subfield code="7">0</subfield>
    <subfield code="a">BCEJYS</subfield>
    <subfield code="b">BCEJYS</subfield>
    <subfield code="c">17</subfield>
    <subfield code="d">1988-10-01</subfield>
    <subfield code="h">N&#xBA; 4 - oct./dic. 1988</subfield>
    <subfield code="l">0</subfield>
    <subfield code="o">H311.3 BOL 4.1988</subfield>
    <subfield code="p">R08106</subfield>
    <subfield code="r">2026-04-10 16:07:43</subfield>
    <subfield code="w">2026-04-10</subfield>
    <subfield code="y">RN</subfield>
  </datafield>
  <datafield tag="952" ind1=" " ind2=" ">
    <subfield code="0">0</subfield>
    <subfield code="1">0</subfield>
    <subfield code="4">0</subfield>
    <subfield code="7">0</subfield>
    <subfield code="a">BCEJYS</subfield>
    <subfield code="b">BCEJYS</subfield>
    <subfield code="c">17</subfield>
    <subfield code="d">1988-07-01</subfield>
    <subfield code="h">N&#xBA; 3 - jul./sep. 1988</subfield>
    <subfield code="l">0</subfield>
    <subfield code="o">H311.3 BOL 3.1988</subfield>
    <subfield code="p">R08122</subfield>
    <subfield code="r">2026-04-10 16:07:43</subfield>
    <subfield code="w">2026-04-10</subfield>
    <subfield code="y">RN</subfield>
  </datafield>
  <datafield tag="952" ind1=" " ind2=" ">
    <subfield code="0">0</subfield>
    <subfield code="1">0</subfield>
    <subfield code="4">0</subfield>
    <subfield code="7">0</subfield>
    <subfield code="a">BCEJYS</subfield>
    <subfield code="b">BCEJYS</subfield>
    <subfield code="c">17</subfield>
    <subfield code="d">1988-04-01</subfield>
    <subfield code="h">N&#xBA; 2 - abr./jun. 1988</subfield>
    <subfield code="l">0</subfield>
    <subfield code="o">H311.3 BOL 2.1988</subfield>
    <subfield code="p">R08121</subfield>
    <subfield code="r">2026-04-10 16:07:43</subfield>
    <subfield code="w">2026-04-10</subfield>
    <subfield code="y">RN</subfield>
  </datafield>
  <datafield tag="952" ind1=" " ind2=" ">
    <subfield code="0">0</subfield>
    <subfield code="1">0</subfield>
    <subfield code="4">0</subfield>
    <subfield code="7">0</subfield>
    <subfield code="a">BCEJYS</subfield>
    <subfield code="b">BCEJYS</subfield>
    <subfield code="c">17</subfield>
    <subfield code="d">1988-01-01</subfield>
    <subfield code="h">N&#xBA; 1 - ene./mar. 1988</subfield>
    <subfield code="l">0</subfield>
    <subfield code="o">H311.3 BOL 1.1988</subfield>
    <subfield code="p">R08120</subfield>
    <subfield code="r">2026-04-10 16:07:43</subfield>
    <subfield code="w">2026-04-10</subfield>
    <subfield code="y">RN</subfield>
  </datafield>
  <datafield tag="952" ind1=" " ind2=" ">
    <subfield code="0">0</subfield>
    <subfield code="1">0</subfield>
    <subfield code="4">0</subfield>
    <subfield code="7">0</subfield>
    <subfield code="a">BCEJYS</subfield>
    <subfield code="b">BCEJYS</subfield>
    <subfield code="c">17</subfield>
    <subfield code="d">1987-07-01</subfield>
    <subfield code="h">N&#xBA; 3/4 - jul./dic. 1987</subfield>
    <subfield code="l">0</subfield>
    <subfield code="o">H311.3 BOL 3/4.1987</subfield>
    <subfield code="p">R08119</subfield>
    <subfield code="r">2026-04-10 16:07:43</subfield>
    <subfield code="w">2026-04-10</subfield>
    <subfield code="y">RN</subfield>
  </datafield>
  <datafield tag="952" ind1=" " ind2=" ">
    <subfield code="0">0</subfield>
    <subfield code="1">0</subfield>
    <subfield code="4">0</subfield>
    <subfield code="7">0</subfield>
    <subfield code="a">BCEJYS</subfield>
    <subfield code="b">BCEJYS</subfield>
    <subfield code="c">17</subfield>
    <subfield code="d">1987-04-01</subfield>
    <subfield code="h">N&#xBA; 2 - abr./jun. 1987</subfield>
    <subfield code="l">0</subfield>
    <subfield code="o">H311.3 BOL 2.1987</subfield>
    <subfield code="p">R08118</subfield>
    <subfield code="r">2026-04-10 16:07:43</subfield>
    <subfield code="w">2026-04-10</subfield>
    <subfield code="y">RN</subfield>
  </datafield>
  <datafield tag="952" ind1=" " ind2=" ">
    <subfield code="0">0</subfield>
    <subfield code="1">0</subfield>
    <subfield code="4">0</subfield>
    <subfield code="7">0</subfield>
    <subfield code="a">BCEJYS</subfield>
    <subfield code="b">BCEJYS</subfield>
    <subfield code="c">17</subfield>
    <subfield code="d">1986-10-01</subfield>
    <subfield code="h">N&#xBA; 4 - oct./dic. 1986</subfield>
    <subfield code="l">0</subfield>
    <subfield code="o">H311.3 BOL 4.1986</subfield>
    <subfield code="p">R08117</subfield>
    <subfield code="r">2026-04-10 16:07:43</subfield>
    <subfield code="w">2026-04-10</subfield>
    <subfield code="y">RN</subfield>
  </datafield>
  <datafield tag="952" ind1=" " ind2=" ">
    <subfield code="0">0</subfield>
    <subfield code="1">0</subfield>
    <subfield code="4">0</subfield>
    <subfield code="7">0</subfield>
    <subfield code="a">BCEJYS</subfield>
    <subfield code="b">BCEJYS</subfield>
    <subfield code="c">17</subfield>
    <subfield code="d">1986-07-01</subfield>
    <subfield code="h">N&#xBA; 3 - jul./sep. 1986</subfield>
    <subfield code="l">0</subfield>
    <subfield code="o">H311.3 BOL 3.1986</subfield>
    <subfield code="p">R08116</subfield>
    <subfield code="r">2026-04-10 16:07:43</subfield>
    <subfield code="w">2026-04-10</subfield>
    <subfield code="y">RN</subfield>
  </datafield>
  <datafield tag="952" ind1=" " ind2=" ">
    <subfield code="0">0</subfield>
    <subfield code="1">0</subfield>
    <subfield code="4">0</subfield>
    <subfield code="7">0</subfield>
    <subfield code="a">BCEJYS</subfield>
    <subfield code="b">BCEJYS</subfield>
    <subfield code="c">17</subfield>
    <subfield code="d">1986-04-01</subfield>
    <subfield code="h">N&#xBA; 2 - abr./jun. 1986</subfield>
    <subfield code="l">0</subfield>
    <subfield code="o">H311.3 BOL 2.1986</subfield>
    <subfield code="p">R08115</subfield>
    <subfield code="r">2026-04-10 16:07:43</subfield>
    <subfield code="w">2026-04-10</subfield>
    <subfield code="y">RN</subfield>
  </datafield>
  <datafield tag="952" ind1=" " ind2=" ">
    <subfield code="0">0</subfield>
    <subfield code="1">0</subfield>
    <subfield code="4">0</subfield>
    <subfield code="7">0</subfield>
    <subfield code="a">BCEJYS</subfield>
    <subfield code="b">BCEJYS</subfield>
    <subfield code="c">17</subfield>
    <subfield code="d">1986-01-01</subfield>
    <subfield code="h">N&#xBA; 1 - ene./mar. 1986</subfield>
    <subfield code="l">0</subfield>
    <subfield code="o">H311.3 BOL 1.1986</subfield>
    <subfield code="p">R08114</subfield>
    <subfield code="r">2026-04-10 16:07:43</subfield>
    <subfield code="w">2026-04-10</subfield>
    <subfield code="y">RN</subfield>
  </datafield>
  <datafield tag="952" ind1=" " ind2=" ">
    <subfield code="0">0</subfield>
    <subfield code="1">0</subfield>
    <subfield code="4">0</subfield>
    <subfield code="7">0</subfield>
    <subfield code="a">BCEJYS</subfield>
    <subfield code="b">BCEJYS</subfield>
    <subfield code="c">17</subfield>
    <subfield code="d">1985-07-01</subfield>
    <subfield code="h">N&#xBA; 3/4 - jul./dic. 1985</subfield>
    <subfield code="l">0</subfield>
    <subfield code="o">H311.3 BOL 3/4.1985</subfield>
    <subfield code="p">R08113</subfield>
    <subfield code="r">2026-04-10 16:07:43</subfield>
    <subfield code="w">2026-04-10</subfield>
    <subfield code="y">RN</subfield>
  </datafield>
  <datafield tag="952" ind1=" " ind2=" ">
    <subfield code="0">0</subfield>
    <subfield code="1">0</subfield>
    <subfield code="4">0</subfield>
    <subfield code="7">0</subfield>
    <subfield code="a">BCEJYS</subfield>
    <subfield code="b">BCEJYS</subfield>
    <subfield code="c">17</subfield>
    <subfield code="d">1985-01-01</subfield>
    <subfield code="h">N&#xBA; 1/2 - ene./jun. 1985</subfield>
    <subfield code="l">0</subfield>
    <subfield code="o">H311.3 BOL 1/2.1985</subfield>
    <subfield code="p">R08112</subfield>
    <subfield code="r">2026-04-10 16:07:43</subfield>
    <subfield code="w">2026-04-10</subfield>
    <subfield code="y">RN</subfield>
  </datafield>
  <datafield tag="952" ind1=" " ind2=" ">
    <subfield code="0">0</subfield>
    <subfield code="1">0</subfield>
    <subfield code="4">0</subfield>
    <subfield code="7">0</subfield>
    <subfield code="a">BCEJYS</subfield>
    <subfield code="b">BCEJYS</subfield>
    <subfield code="c">17</subfield>
    <subfield code="d">1984-10-01</subfield>
    <subfield code="h">N&#xBA; 4 - oct./dic. 1984</subfield>
    <subfield code="l">0</subfield>
    <subfield code="o">H311.3 BOL 4.1984</subfield>
    <subfield code="p">R08111</subfield>
    <subfield code="r">2026-04-10 16:07:43</subfield>
    <subfield code="w">2026-04-10</subfield>
    <subfield code="y">RN</subfield>
  </datafield>
  <datafield tag="952" ind1=" " ind2=" ">
    <subfield code="0">0</subfield>
    <subfield code="1">0</subfield>
    <subfield code="4">0</subfield>
    <subfield code="7">0</subfield>
    <subfield code="a">BCEJYS</subfield>
    <subfield code="b">BCEJYS</subfield>
    <subfield code="c">17</subfield>
    <subfield code="d">1984-07-01</subfield>
    <subfield code="h">N&#xBA; 3 - jul./sep. 1984</subfield>
    <subfield code="l">0</subfield>
    <subfield code="o">H311.3 BOL 3.1984</subfield>
    <subfield code="p">R08110</subfield>
    <subfield code="r">2026-04-10 16:07:43</subfield>
    <subfield code="w">2026-04-10</subfield>
    <subfield code="y">RN</subfield>
  </datafield>
  <datafield tag="952" ind1=" " ind2=" ">
    <subfield code="0">0</subfield>
    <subfield code="1">0</subfield>
    <subfield code="4">0</subfield>
    <subfield code="7">0</subfield>
    <subfield code="a">BCEJYS</subfield>
    <subfield code="b">BCEJYS</subfield>
    <subfield code="c">17</subfield>
    <subfield code="d">1981-10-01</subfield>
    <subfield code="h">N&#xBA; 4 - oct./dic. 1981</subfield>
    <subfield code="l">0</subfield>
    <subfield code="o">H311.3 BOL 4.1981</subfield>
    <subfield code="p">R08109</subfield>
    <subfield code="r">2026-04-10 16:07:43</subfield>
    <subfield code="w">2026-04-10</subfield>
    <subfield code="y">RN</subfield>
  </datafield>
  <datafield tag="952" ind1=" " ind2=" ">
    <subfield code="0">0</subfield>
    <subfield code="1">0</subfield>
    <subfield code="4">0</subfield>
    <subfield code="7">0</subfield>
    <subfield code="a">BCEJYS</subfield>
    <subfield code="b">BCEJYS</subfield>
    <subfield code="c">17</subfield>
    <subfield code="d">1980-01-01</subfield>
    <subfield code="h">N&#xBA; 1/2 - ene./jun. 1980</subfield>
    <subfield code="l">0</subfield>
    <subfield code="o">H311.3 BOL 1/2.1980</subfield>
    <subfield code="p">R08108</subfield>
    <subfield code="r">2026-04-10 16:07:43</subfield>
    <subfield code="w">2026-04-10</subfield>
    <subfield code="y">RN</subfield>
  </datafield>
  <datafield tag="952" ind1=" " ind2=" ">
    <subfield code="0">0</subfield>
    <subfield code="1">0</subfield>
    <subfield code="4">0</subfield>
    <subfield code="7">0</subfield>
    <subfield code="a">BCEJYS</subfield>
    <subfield code="b">BCEJYS</subfield>
    <subfield code="c">17</subfield>
    <subfield code="d">1979-07-01</subfield>
    <subfield code="h">N&#xBA; 3 - jul./sep. 1979</subfield>
    <subfield code="l">0</subfield>
    <subfield code="o">H311.3 BOL 3.1979</subfield>
    <subfield code="p">R08131</subfield>
    <subfield code="r">2026-04-10 16:07:43</subfield>
    <subfield code="w">2026-04-10</subfield>
    <subfield code="y">RN</subfield>
  </datafield>
  <datafield tag="952" ind1=" " ind2=" ">
    <subfield code="0">0</subfield>
    <subfield code="1">0</subfield>
    <subfield code="4">0</subfield>
    <subfield code="7">0</subfield>
    <subfield code="a">BCEJYS</subfield>
    <subfield code="b">BCEJYS</subfield>
    <subfield code="c">17</subfield>
    <subfield code="d">1978-07-01</subfield>
    <subfield code="h">N&#xBA; 3 - jul./dic. 1978</subfield>
    <subfield code="l">0</subfield>
    <subfield code="o">H311.3 BOL 3.1978</subfield>
    <subfield code="p">R08130</subfield>
    <subfield code="r">2026-04-10 16:07:43</subfield>
    <subfield code="w">2026-04-10</subfield>
    <subfield code="y">RN</subfield>
  </datafield>
  <datafield tag="952" ind1=" " ind2=" ">
    <subfield code="0">0</subfield>
    <subfield code="1">0</subfield>
    <subfield code="4">0</subfield>
    <subfield code="7">0</subfield>
    <subfield code="a">BCEJYS</subfield>
    <subfield code="b">BCEJYS</subfield>
    <subfield code="c">17</subfield>
    <subfield code="d">1978-01-01</subfield>
    <subfield code="h">N&#xBA; 1 - ene./mar. 1978</subfield>
    <subfield code="l">0</subfield>
    <subfield code="o">H311.3 BOL 1.1978</subfield>
    <subfield code="p">R09922</subfield>
    <subfield code="r">2026-04-10 16:07:43</subfield>
    <subfield code="w">2026-04-10</subfield>
    <subfield code="y">RN</subfield>
  </datafield>
  <datafield tag="952" ind1=" " ind2=" ">
    <subfield code="0">0</subfield>
    <subfield code="1">0</subfield>
    <subfield code="4">0</subfield>
    <subfield code="7">0</subfield>
    <subfield code="a">BCEJYS</subfield>
    <subfield code="b">BCEJYS</subfield>
    <subfield code="c">17</subfield>
    <subfield code="d">1977-10-01</subfield>
    <subfield code="h">N&#xBA; 4 - oct./dic. 1977</subfield>
    <subfield code="l">0</subfield>
    <subfield code="o">H311.3 BOL 4.1977</subfield>
    <subfield code="p">R08129</subfield>
    <subfield code="r">2026-04-10 16:07:43</subfield>
    <subfield code="w">2026-04-10</subfield>
    <subfield code="y">RN</subfield>
  </datafield>
  <datafield tag="952" ind1=" " ind2=" ">
    <subfield code="0">0</subfield>
    <subfield code="1">0</subfield>
    <subfield code="4">0</subfield>
    <subfield code="7">0</subfield>
    <subfield code="a">BCEJYS</subfield>
    <subfield code="b">BCEJYS</subfield>
    <subfield code="c">17</subfield>
    <subfield code="d">1977-04-01</subfield>
    <subfield code="h">N&#xBA; 2 - abr./jun. 1977</subfield>
    <subfield code="l">0</subfield>
    <subfield code="o">H311.3 BOL 2.1977</subfield>
    <subfield code="p">R08128</subfield>
    <subfield code="r">2026-04-10 16:07:43</subfield>
    <subfield code="w">2026-04-10</subfield>
    <subfield code="y">RN</subfield>
  </datafield>
  <datafield tag="952" ind1=" " ind2=" ">
    <subfield code="0">0</subfield>
    <subfield code="1">0</subfield>
    <subfield code="4">0</subfield>
    <subfield code="7">0</subfield>
    <subfield code="a">BCEJYS</subfield>
    <subfield code="b">BCEJYS</subfield>
    <subfield code="c">17</subfield>
    <subfield code="d">1977-01-01</subfield>
    <subfield code="h">N&#xBA; 1 - ene./mar. 1977</subfield>
    <subfield code="l">0</subfield>
    <subfield code="o">H311.3 BOL 1.1977</subfield>
    <subfield code="p">R08127</subfield>
    <subfield code="r">2026-04-10 16:07:43</subfield>
    <subfield code="w">2026-04-10</subfield>
    <subfield code="y">RN</subfield>
  </datafield>
  <datafield tag="952" ind1=" " ind2=" ">
    <subfield code="0">0</subfield>
    <subfield code="1">0</subfield>
    <subfield code="4">0</subfield>
    <subfield code="7">0</subfield>
    <subfield code="a">BCEJYS</subfield>
    <subfield code="b">BCEJYS</subfield>
    <subfield code="c">17</subfield>
    <subfield code="d">1975-07-01</subfield>
    <subfield code="h">N&#xBA; 3 - jul./sep. 1975</subfield>
    <subfield code="l">0</subfield>
    <subfield code="o">H311.3 BOL 3.1975</subfield>
    <subfield code="p">R08107</subfield>
    <subfield code="r">2026-04-10 16:07:43</subfield>
    <subfield code="w">2026-04-10</subfield>
    <subfield code="y">RN</subfield>
  </datafield>
  <datafield tag="952" ind1=" " ind2=" ">
    <subfield code="0">0</subfield>
    <subfield code="1">0</subfield>
    <subfield code="4">0</subfield>
    <subfield code="7">0</subfield>
    <subfield code="a">BCEJYS</subfield>
    <subfield code="b">BCEJYS</subfield>
    <subfield code="c">17</subfield>
    <subfield code="d">1975-04-01</subfield>
    <subfield code="h">N&#xBA; 2 - abr./jun. 1975</subfield>
    <subfield code="l">0</subfield>
    <subfield code="o">H311.3 BOL 2.1975</subfield>
    <subfield code="p">R09920</subfield>
    <subfield code="r">2026-04-10 16:07:43</subfield>
    <subfield code="w">2026-04-10</subfield>
    <subfield code="y">RN</subfield>
  </datafield>
  <datafield tag="952" ind1=" " ind2=" ">
    <subfield code="0">0</subfield>
    <subfield code="1">0</subfield>
    <subfield code="4">0</subfield>
    <subfield code="7">0</subfield>
    <subfield code="a">BCEJYS</subfield>
    <subfield code="b">BCEJYS</subfield>
    <subfield code="c">17</subfield>
    <subfield code="d">1974-07-01</subfield>
    <subfield code="h">N&#xBA; 3/4 - jul. 1974/mar. 1975</subfield>
    <subfield code="l">0</subfield>
    <subfield code="o">H311.3 BOL 3/4.1974</subfield>
    <subfield code="p">R09921</subfield>
    <subfield code="r">2026-04-10 16:07:43</subfield>
    <subfield code="w">2026-04-10</subfield>
    <subfield code="y">RN</subfield>
  </datafield>
  <datafield tag="952" ind1=" " ind2=" ">
    <subfield code="0">0</subfield>
    <subfield code="1">0</subfield>
    <subfield code="4">0</subfield>
    <subfield code="7">0</subfield>
    <subfield code="a">BCEJYS</subfield>
    <subfield code="b">BCEJYS</subfield>
    <subfield code="c">17</subfield>
    <subfield code="d">1974-01-01</subfield>
    <subfield code="h">N&#xBA; 1/2 - ene./jun. 1974</subfield>
    <subfield code="l">0</subfield>
    <subfield code="o">H311.3 BOL 1/2.1974</subfield>
    <subfield code="p">R09919</subfield>
    <subfield code="r">2026-04-10 16:07:43</subfield>
    <subfield code="w">2026-04-10</subfield>
    <subfield code="y">RN</subfield>
  </datafield>
  <datafield tag="952" ind1=" " ind2=" ">
    <subfield code="0">0</subfield>
    <subfield code="1">0</subfield>
    <subfield code="4">0</subfield>
    <subfield code="7">0</subfield>
    <subfield code="a">BCEJYS</subfield>
    <subfield code="b">BCEJYS</subfield>
    <subfield code="c">17</subfield>
    <subfield code="d">1973-10-01</subfield>
    <subfield code="h">N&#xBA; 4 - oct./dic. 1973</subfield>
    <subfield code="l">0</subfield>
    <subfield code="o">H311.3 BOL 4.1973</subfield>
    <subfield code="p">R08126</subfield>
    <subfield code="r">2026-04-10 16:07:43</subfield>
    <subfield code="w">2026-04-10</subfield>
    <subfield code="y">RN</subfield>
  </datafield>
  <datafield tag="952" ind1=" " ind2=" ">
    <subfield code="0">0</subfield>
    <subfield code="1">0</subfield>
    <subfield code="4">0</subfield>
    <subfield code="7">0</subfield>
    <subfield code="a">BCEJYS</subfield>
    <subfield code="b">BCEJYS</subfield>
    <subfield code="c">17</subfield>
    <subfield code="d">1973-07-01</subfield>
    <subfield code="h">N&#xBA; 3 - jul./sep. 1973</subfield>
    <subfield code="l">0</subfield>
    <subfield code="o">H311.3 BOL 3.1973</subfield>
    <subfield code="p">R08125</subfield>
    <subfield code="r">2026-04-10 16:07:43</subfield>
    <subfield code="w">2026-04-10</subfield>
    <subfield code="y">RN</subfield>
  </datafield>
  <datafield tag="952" ind1=" " ind2=" ">
    <subfield code="0">0</subfield>
    <subfield code="1">0</subfield>
    <subfield code="4">0</subfield>
    <subfield code="7">0</subfield>
    <subfield code="a">BCEJYS</subfield>
    <subfield code="b">BCEJYS</subfield>
    <subfield code="c">17</subfield>
    <subfield code="d">1973-04-01</subfield>
    <subfield code="h">N&#xBA; 2 - abr./jun. 1973</subfield>
    <subfield code="l">0</subfield>
    <subfield code="o">H311.3 BOL 2.1973</subfield>
    <subfield code="p">R08124</subfield>
    <subfield code="r">2026-04-10 16:07:43</subfield>
    <subfield code="w">2026-04-10</subfield>
    <subfield code="y">RN</subfield>
  </datafield>
  <datafield tag="952" ind1=" " ind2=" ">
    <subfield code="0">0</subfield>
    <subfield code="1">0</subfield>
    <subfield code="4">0</subfield>
    <subfield code="7">0</subfield>
    <subfield code="a">BCEJYS</subfield>
    <subfield code="b">BCEJYS</subfield>
    <subfield code="c">17</subfield>
    <subfield code="d">1973-01-01</subfield>
    <subfield code="h">N&#xBA; 1 - ene./mar. 1973</subfield>
    <subfield code="l">0</subfield>
    <subfield code="o">H311.3 BOL 1.1973</subfield>
    <subfield code="p">R08123</subfield>
    <subfield code="r">2026-04-10 16:07:43</subfield>
    <subfield code="w">2026-04-10</subfield>
    <subfield code="y">RN</subfield>
  </datafield>
</record>
